Word Ladder: Stanley Cup City Quiz Stats

 Plays Quiz Updated Oct 2, 2019

Score 0/21 Timer 03:00
2 Plays Today
Hint 5-Letter Word % Correct
'____ It to Beaver'LEAVE
92.8%
Partner of 'tails' in coin flipsHEADS
92.6%
To lift with difficulty; to vomitHEAVE
91.3%
What detectives follow, in casesLEADS
91.2%
Great in weightHEAVY
91%
Contract for a renterLEASE
90.5%
Units of laundry, e.g.LOADS
89.4%
Superlative form of 'little'LEAST
85.7%
Stupefying or exhiliratingHEADY
85.3%
To lift, like the Stanley Cup trophyHOIST
84.6%
A canonized catholic• SAINT •
84.3%
Hint 5-Letter Word % Correct
Complicated burglaryHEIST
84.1%
Ball-and-socket, e.g.JOINT
84%
Large, extravagant mealFEAST
80.1%
Timber on which planks are nailedJOIST
80.1%
The tip of a spearPOINT
79.3%
'1-2-3-4' singerFEIST
79%
Common French monarch name• LOUIS •
75.2%
A piebald horsePAINT
71.2%
Ladies' companionsLORDS
60.2%
A primate found in IndiaLORIS
51.4%

Today's Daily Dose

Missing Word
Celine Dion

Word Ladder
Dr. Seuss Books

Quick Pick
Cities in India

Get the Picture
'A' Actresses

You're not logged in!

Compare scores with friends on all Sporcle quizzes.
OR
Log In

Sporcle TV

Today on Sporcle TV


Watch our educational content, quiz creation guides, and fun videos on Sporcle TV.

Show Comments

Extras

Top Quizzes Today


Score Distribution

Your Account Isn't Verified!

In order to create a playlist on Sporcle, you need to verify the email address you used during registration. Go to your Sporcle Settings to finish the process.

Report this User

Report this user for behavior that violates our Community Guidelines.

Details: